Countries With the Earliest Human Settlements - Statistics

General Stats
  • This quiz has been taken 79 times
  • The average score is 24 of 36
Answer Stats
Rank Country Years Ago.... % Correct
11 Egypt 50,000-80,000
96%
2 Ethiopia 190,000-200,000
96%
9 China 80,000
91%
13 India 70,000
90%
5 Sudan 140,000-160,000
88%
27 Canada 25,000-40,000
87%
21 United Kingdom 41,500-44,200
87%
35 United States of America 16,000
87%
26 Russia 35,000-40,000
85%
29 France 32,000
84%
20 Italy 44,000-45,000
84%
17 Japan 47,000
84%
22 Germany 42,000-43,000
82%
4 Israel 177,000-195,000
79%
15 Australia 65,000
76%
8 Democratic Republic of the Congo 90,000
76%
12 Indonesia 63,000-73,000
75%
16 Brazil 41,000-56,000
73%
10 Libya 65,000-80,000
73%
36 Peru 14,000
69%
3 South Africa 110,000-200,000
69%
1 Morocco 254,000-318,000
67%
19 Malaysia 34,000-46,000
61%
31 Poland 30,000
61%
33 Portugal 24,500
60%
34 Chile 14,800-18,500
57%
7 Oman 75,000-125,000
57%
18 Laos 46,000
52%
14 Philippines 67,000
51%
25 Romania 37,800-42,000
48%
28 Sri Lanka 34,000
48%
6 United Arab Emirates 125,000
42%
32 Taiwan 20,000-30,000
40%
30 Czech Republic 31,000
37%
23 Lithuania 41,000-43,000
19%
24 East Timor 42,000
18%
No matching quizzes found
Score Distribution
Percent of People with Each Score
Percentile by Number Answered
Your Score History
You have not taken this quiz